Từ địa phương trong tác phẩm " Đồng quê " của Phi Vân Luận văn tốt nghiệp Đại học Sư phạm ngành Văn khóa 19

Sparad:
Bibliografiska uppgifter
Huvudupphovsman: Phạm Huỳnh Thiên Thanh
Materialtyp: Bok
Språk:Undetermined
Publicerad: Cần Thơ Trường Đại học Cần Thơ, Khoa Sư phạm, Bộ môn Ngữ văn 1997
Ämnen:
Taggar: Lägg till en tagg
Inga taggar, Lägg till första taggen!
Thư viện lưu trữ: Trung tâm Học liệu Trường Đại học Cần Thơ
LEADER 00777nam a2200193Ia 4500
001 CTU_33379
008 210402s9999 xx 000 0 und d
082 |a 495.9227 
082 |b Th107/1997 
100 |a Phạm Huỳnh Thiên Thanh 
245 0 |a Từ địa phương trong tác phẩm " Đồng quê " của Phi Vân 
245 0 |b Luận văn tốt nghiệp Đại học Sư phạm ngành Văn khóa 19 
245 0 |c Phạm Huỳnh Thiên Thanh 
260 |a Cần Thơ 
260 |b Trường Đại học Cần Thơ, Khoa Sư phạm, Bộ môn Ngữ văn 
260 |c 1997 
650 |a vietnamese language - dialectique 
904 |i Nguyễn Quang Điền, 991026 
980 |a Trung tâm Học liệu Trường Đại học Cần Thơ